Medicolegal phases of occupational diseases ; an outline of theory and practice /

Bibliographic Details
Main Author: Sappington, C. O. (Clarence Olds), 1889-1949
Format: Book
Language:English
Published: Chicago : Industrial Health Book Company, 1939.
Subjects:

MARC

Tag First Indicator Second Indicator Subfields
LEADER 00000cam a2200000 4500
001 in00000056049
005 20151008052350.0
008 761023s1939 ilubdf b 00010 eng
010 |a  39018587  
035 |a (OCoLC)02522712 
035 |9 AAH3001AM 
040 |a DLC  |c CSU  |d TXA  |d UtOrBLW 
049 |a TXAM  |c 2 [87549]  
050 0 |a RA1053  |b .S28 
082 0 |a 331.8223 
092 |a 331.8223  |b S241m 
100 1 |a Sappington, C. O.  |q (Clarence Olds),  |d 1889-1949. 
245 1 0 |a Medicolegal phases of occupational diseases ;  |b an outline of theory and practice /  |c by C. O. Sappington. 
264 1 |a Chicago :  |b Industrial Health Book Company,  |c 1939. 
300 |a x pages, 1 leaf, 405 (i.e. 408) pages :  |b including tables, plates, map. ;  |c 22 cm. 
336 |a text  |b txt  |2 rdacontent 
337 |a unmediated  |b n  |2 rdamedia 
338 |a sheet  |b nb  |2 rdacarrier 
500 |a Parts II-IV each preceded by an unnumbered page with half-title not included in the paging. 
504 |a Bibliography at end of some of the chapters. 
650 0 |a Occupational diseases. 
650 0 |a Medical jurisprudence. 
999 |a MARS 
999 f f |s bc25e557-2850-3a54-92d5-97d7ac1133cd  |i 98c63e44-5a8f-3b5f-b070-b98b8694d370  |t 0 
952 f f |p ric  |a Texas A&M University  |b Rellis Campus  |c Joint Library Facility  |d Remote Storage  |t 0  |e RA1053 .S28  |h Library of Congress classification  |i unmediated -- sheet  |m A14800721831 
998 f f |a RA1053 .S28  |t 0  |l Remote Storage